000 00489nam a2200169Ia 4500
003 GCL
008 140319s9999 xx 000 0 ara d
040 _aGCL /
_cGCL
082 0 4 _aد
_b050
100 1 _aعزت حجازى
245 1 0 _aالشباب العربى ومشكلاته (عالم اللمعرفة 6) /
_cعزت حجازى
300 _a302 ص
490 _aعالم المعرفة
_v0
650 0 4 _aالشباب
650 0 4 _aالشباب - علم النفس
942 _2ddc
_cBK
999 _c50226
_d50226